Ryan Coogler Filmography - Statistics

General Stats
  • This quiz has been taken 20 times
  • The average score is 5 of 14
Answer Stats
Hint Answer % Correct
2018 Black Panther
100%
2015 Creed
94%
2022 Black Panther: Wakanda Forever
88%
2013 Fruitvale Station
75%
2018 Creed II
63%
2022 Creed III
44%
2021 Space Jam : A New Legacy
25%
2021 Judas and the Black Messiah
13%
2019 Just Mercy
6%
2020 Soul
6%
2018 A Wrinkle in Time
0%
TBD Bitter Root
0%
2016 Moonlight
0%
TBD Wrong Answer
0%
No matching quizzes found
Score Distribution
Percent of People with Each Score
Percentile by Number Answered
Your Score History
You have not taken this quiz